Entry Personal Name
Number of records used in: 1
001 - CONTROL NUMBER
003 - CONTROL NUMBER IDENTIFIER
005 - DATE AND TIME OF LATEST TRANSACTION
- control field:
20231006110631.0
008 - FIXED-LENGTH DATA ELEMENTS
- fixed length control field:
990308n| azannaabn |a aaa
010 ## - LIBRARY OF CONGRESS CONTROL NUMBER
- LC control number:
n 99018704
016 ## - NATIONAL BIBLIOGRAPHIC AGENCY CONTROL NUMBER
- Record control number:
1030F9297E
035 ## - SYSTEM CONTROL NUMBER
- System control number:
(OCoLC)oca04937881
040 ## - CATALOGING SOURCE
- Original cataloging agency:
DLC
- Language of cataloging:
eng
- Description conventions:
rda
- Transcribing agency:
DLC
- Modifying agency:
WaU
- Modifying agency:
DLC
- Modifying agency:
ICU
- Modifying agency:
InU
- Modifying agency:
DLC
- Modifying agency:
CaOONL
042 ## - AUTHENTICATION CODE
046 ## - SPECIAL CODED DATES
- Birth date:
1968-12-06
- Source of date scheme:
edtf
053 #0 - LC CLASSIFICATION NUMBER
- Classification number element--single number or beginning number of span:
PT8951.21.N38
100 1# - HEADING--PERSONAL NAME
- Personal name:
Knausgård, Karl Ove,
- Dates associated with a name:
1968-
370 ## - ASSOCIATED PLACE
- Associated country:
Norway
- Source of term:
naf
372 ## - FIELD OF ACTIVITY
- Field of activity:
Literature
- Source of term:
lcsh
375 ## - GENDER
- Gender:
Males
- Source of term:
lcdgt
377 ## - ASSOCIATED LANGUAGE
400 1# - SEE FROM TRACING--PERSONAL NAME
- Personal name:
Knausgaard, Karl Ove,
- Dates associated with a name:
1968-
670 ## - SOURCE DATA FOUND
- Source citation:
Ute av verden, c1998:
- Information found:
t.p. (Karl Ove Knausgård) jkt. flap (b. 1968)
670 ## - SOURCE DATA FOUND
- Source citation:
A time to every purpose under heaven, 2008:
- Information found:
t.p. (Karl O. Knausgaard)
670 ## - SOURCE DATA FOUND
- Source citation:
A death in the family, 2012:
- Information found:
t.p. (Karl Ove Knausgaard)
670 ## - SOURCE DATA FOUND
- Source citation:
My struggle, 2014:
- Information found:
ECIP t.p. (Karl Ove Knausgård) data view (b. 12/6/1968; Norwegian author; known for six autobiographical books, titled My Struggle (Min Kamp))
670 ## - SOURCE DATA FOUND
- Source citation:
Spring, 2018:
- Information found:
title page (Karl Ove Knausgaard)
670 ## - SOURCE DATA FOUND
- Source citation:
Wikipedia, May 7, 2019
- Information found:
(access point: Knausgaard, Karl Ove; born December 6, 1968; Norwegian)